000 00673nam a22002177a 4500
003 OSt
005 20260124084355.0
008 230606b ||||| |||| 00| 0 eng d
040 _cSSBUL
041 _ashan
082 _223
_a895.9194
100 0 _aသႅင်မိူင်းၵုတ်ႈ။
_924929
245 1 0 _aၽိူဝ်ႉမတ်ႉႁူဝ်ၸႂ် /
260 _aတႃႈၵုင်ႈ၊
_bဢေး၊
_c2015 ။
300 _axiii, 246 ၼႃႈ၊
_c18 ၸိၼ်ႇတီႇ။
500 _aS-SAT: Dr. Prof Sai Aung Tun
650 _aလိၵ်ႈႁွမ်တွမ်
_920801
942 _cBK
942 _2ddc
942 _2ddc
999 _c25308
_d25308